00330nam a2200145Ia 4500008004100000041001200041082002300053100001700076245002100093250001400114260002800128300000900156300001000165650000900175231221s9999 xx 000 0 und d aEnglish a001.6424JAV ECK;1 aEckel, Bruce 0aThinking in Java a2nd ed.  c2001bPearson Education a1127 cCD853 aJava